000
00312nam a2200121Ia 4500
008
220204s9999 xx 000 0 und d
082
_a
658.3
_b
YOD
100
_a
Yoder, Dale
245
0
_a
Personnel management and industrial relations
250
_a
Ed.5
260
_a
New Delhi
_b
Prentice Hall
_c
1967
942
_c
BK
999
_c
20957
_d
20957